Macroeconomía

Đã lưu trong:
Chi tiết về thư mục
Tác giả chính: Brooman, F. S (Tác giả)
Định dạng: Sách
Ngôn ngữ:Tiếng Tây Ban Nha
Được phát hành: Madrid Aguilar 1972
Phiên bản:2a. ed
Loạt:Biblioteca de Ciencias Sociales. Sección Primera: Economía
Những chủ đề:
Các nhãn: Thêm thẻ
Không có thẻ, Là người đầu tiên thẻ bản ghi này!

MARC

LEADER 00000nam a2200000 a 4500
001 UCQ1293
003 CL-VaPUC
008 980709e19720000SP |||||||||||||||||spa|d
082 0 4 |a 339  |b BRO  |2 21 
100 0 |a Brooman, F. S  |e author  |9 415033 
245 1 0 |a Macroeconomía 
250 |a 2a. ed 
300 |a 422 p 
942 |c BK 
945 |d 19980709 00:00:00  |a crobeson 
260 |a Madrid  |b Aguilar  |c 1972 
650 0 |a Análisis macroeconómico  |9 358711 
650 0 |a Teorías económicas  |9 270968 
650 0 |a Economía   |9 255568 
650 0 |a Microeconomía  |9 258126 
650 7 |a RENTA  |2 CL-VaPUC  |9 358792 
650 7 |a CONSUMISMO  |2 CL-VaPUC  |9 415035 
650 0 |a Capital   |9 263726 
650 0 |a Mercado financiero  |9 334172 
650 0 |a Moneda  |9 342365 
650 0 |a Oferta y demanda  |9 255571 
650 0 |a Trabajo y empleo  |9 315054 
650 0 |a Política económica   |9 255029 
650 0 |a Desarrollo económico y social   |9 256320 
583 |a last modification  |c 19980709 00:00:00  |k Rodrigo Vera 
490 0 |a Biblioteca de Ciencias Sociales. Sección Primera: Economía 
999 |c 272295  |d 272293 
952 |0 0  |1 0  |4 0  |6 339_000000000000000_BRO_1972  |7 0  |8 A  |9 307190  |a BIBENE  |b BIBENE  |d 2019-11-20  |i 1435051  |o 339 BRO 1972  |p 1435051  |r 2025-01-15  |w 2019-11-20  |y BK  |k ICO